Catálogo - Centro de Recursos para el Aprendizaje y la Investigación

Volver al Sitio - CRAI Biblioteca

Termodinámica (Registro nro. 114449)

Detalles MARC
000 -CABECERA
campo de control de longitud fija 03106nam a2200337Ia 4500
001 - NÚMERO DE CONTROL
campo de control 114449
003 - IDENTIFICADOR DEL NÚMERO DE CONTROL
campo de control DR-UNIBE
005 - FECHA Y HORA DE LA ÚLTIMA TRANSACCIÓN
campo de control 20260312121847.0
007 - CAMPO FIJO DE DESCRIPCIÓN FÍSICA--INFORMACIÓN GENERAL
campo de control de longitud fija cr nn 008mamaa
008 - DATOS DE LONGITUD FIJA--INFORMACIÓN GENERAL
campo de control de longitud fija 260312b2025 mx |||||s|||| 00| 0 spa d
020 ## - NÚMERO INTERNACIONAL ESTÁNDAR DEL LIBRO
Número Internacional Estándar del Libro 9786071524676
020 ## - NÚMERO INTERNACIONAL ESTÁNDAR DEL LIBRO
Número Internacional Estándar del Libro 9786071524461 (electrónico)
040 ## - FUENTE DE LA CATALOGACIÓN
Centro catalogador/agencia de origen BIBLIOTECA UNIBE
Centro/agencia transcriptor BIBLIOTECA UNIBE
041 ## - CÓDIGO DE LENGUA
Código de lengua del texto/banda sonora o título independiente spa
100 ## - ENTRADA PRINCIPAL--NOMBRE DE PERSONA
Nombre de persona Çengel, Yunus A.
Término indicativo de función/relación autor
9 (RLIN) 16599
100 ## - ENTRADA PRINCIPAL--NOMBRE DE PERSONA
Nombre de persona Boles, Michael A.
Término indicativo de función/relación autor
9 (RLIN) 179391
100 ## - ENTRADA PRINCIPAL--NOMBRE DE PERSONA
Nombre de persona Kanoğlu, Mehmet
Término indicativo de función/relación autor
9 (RLIN) 181688
245 ## - MENCIÓN DE TÍTULO
Título Termodinámica
250 ## - MENCIÓN DE EDICIÓN
Mención de edición Décima edición
260 ## - PUBLICACIÓN, DISTRIBUCIÓN, ETC.
Lugar de publicación, distribución, etc. México :
Nombre del editor, distribuidor, etc. McGraw-Hill Interamericana,
Fecha de publicación, distribución, etc. 2025
300 ## - DESCRIPCIÓN FÍSICA
Extensión xxi, 982 páginas :
Otras características físicas ilustraciones
500 ## - NOTA GENERAL
Nota general Recurso en línea:<br/>Disponible para miembros de UNIBE a través del portal web del CRAI: https://www.unibe.edu.do/biblioteca/libros-electronicos/
505 ## - NOTA DE CONTENIDO CON FORMATO
Nota de contenido con formato 1. Introducción y conceptos básicos |<br/>2. Energía, transferencia de energía y análisis general de energía |<br/>3. Propiedades de las sustancias puras |<br/>4. Análisis de energía de sistemas cerrados |<br/>5. Análisis de masa y energía de volúmenes de control |<br/>6. La segunda ley de la termodinámica |<br/>7. Entropía |<br/>8. Exergía |<br/>9. Ciclos de potencia de gas |<br/>10. Ciclos de potencia de vapor y combinados |<br/>11. Ciclos de refrigeración |<br/>12. Relaciones de propiedades termodinámicas |<br/>13. Mezcla de gases |<br/>14. Mezclas de gas-vapor y acondicionamiento de aire |<br/>15. Reacciones químicas |<br/>16. Equilibrio químico y de fase |<br/>17. Flujo compresible |<br/>
520 ## - SUMARIO, ETC.
Sumario, etc. Toda ciencia posee un vocabulario único y la termodinámica no es la excepción. La definición precisa de conceptos básicos constituye una base sólida para el desarrollo de una ciencia y evita posibles malas interpretaciones. Este capítulo inicia con un repaso de la termodinámica y los sistemas de unidades y continúa con la explicación de algunos conceptos básicos, como sistema, estado, postulado de estado, equilibrio, proceso y ciclo. Se analizan las propiedades intensivas y extensivas de un sistema y se definen la densidad, la gravedad específica y el peso específico. También se analizan los términos temperatura y escalas de temperatura con especial énfasis en la escala internacional de temperatura de 1990. Posteriormente se presenta la presión, definida como la fuerza normal que ejerce un fluido por unidad de área, y se analizan las presiones absoluta y manométrica, la variación de la presión con la profundidad y los instrumentos de medición de presión, como manómetros y barómetros. El estudio cuidadoso de estos conceptos es esencial para lograr una buena comprensión de los temas tratados en este libro. Por último, se presenta una técnica para resolver problemas, intuitiva y sistemática, que se puede usar como modelo en la solución de problemas de ingeniería.
650 ## - PUNTO DE ACCESO ADICIONAL DE MATERIA--TÉRMINO DE MATERIA
Término de materia o nombre geográfico como elemento de entrada Termodinámica
9 (RLIN) 181689
650 ## - PUNTO DE ACCESO ADICIONAL DE MATERIA--TÉRMINO DE MATERIA
Término de materia o nombre geográfico como elemento de entrada Máquinas térmicas
9 (RLIN) 103295
650 ## - PUNTO DE ACCESO ADICIONAL DE MATERIA--TÉRMINO DE MATERIA
Término de materia o nombre geográfico como elemento de entrada Transferencia de carga
9 (RLIN) 95416
655 ## - TÉRMINO DE INDIZACIÓN--GÉNERO/FORMA
Datos o término principal de género/forma Recurso electrónico
9 (RLIN) 42681
856 ## - LOCALIZACIÓN Y ACCESO ELECTRÓNICOS
Identificador Uniforme del Recurso <a href="https://ezproxy.unibe.edu.do:2069/?il=43664">https://ezproxy.unibe.edu.do:2069/?il=43664</a>
942 ## - ELEMENTOS DE PUNTO DE ACCESO ADICIONAL (KOHA)
Tipo de ítem Koha e-Libro (en línea)
Fuente del sistema de clasificación o colocación Sistema de Clasificación Decimal Dewey
Existencias
Estado de retiro Estado de pérdida Fuente del sistema de clasificación o colocación No para préstamo Código de colección Localización permanente Fecha de adquisición Total de préstamos Código de barras Fecha visto por última vez Número de copia Precio válido a partir de Tipo de ítem Koha
  Disponible Sistema de Clasificación Decimal Dewey   e-Libro de Texto (en línea) Biblioteca Central UNIBE 13/03/2026   EB0527 13/03/2026 varias copias 13/03/2026 e-Libro (en línea)